Laser parameter measurements handbook (Record no. 3193)

MARC details
000 -LEADER
fixed length control field 00501nam a2200181Ia 4500
003 - CONTROL NUMBER IDENTIFIER
control field IN-BaIIA
008 - FIXED-LENGTH DATA ELEMENTS--GENERAL INFORMATION
fixed length control field 211028s9999 xx 000 0 eng d
040 ## - CATALOGING SOURCE
Transcribing agency IIA Library
080 ## - UNIVERSAL DECIMAL CLASSIFICATION NUMBER
Universal Decimal Classification number (083)51
Item number HEA
100 ## - MAIN ENTRY--PERSONAL NAME
Personal name Heard, H. G.
9 (RLIN) 5678
245 #0 - TITLE STATEMENT
Title Laser parameter measurements handbook
Statement of responsibility, etc. Heard H. G.
260 ## - PUBLICATION, DISTRIBUTION, ETC.
Place of publication, distribution, etc. New York
Name of publisher, distributor, etc. Wiley
Date of publication, distribution, etc. 1968
300 ## - PHYSICAL DESCRIPTION
Extent xii, 489p.
490 ## - SERIES STATEMENT
Series statement Wiley series in pure and appliedoptics
650 ## - SUBJECT ADDED ENTRY--TOPICAL TERM
Topical term or geographic name entry element Astronomy and Astrophysics Thesaurus
650 ## - SUBJECT ADDED ENTRY--TOPICAL TERM
Topical term or geographic name entry element Tables
942 ## - ADDED ENTRY ELEMENTS (KOHA)
Koha item type Books
Holdings
Withdrawn status Lost status Damaged status Not for loan Home library Current library Shelving location Date acquired Cost, normal purchase price Total Checkouts Full call number Barcode Date last seen Cost, replacement price Price effective from Koha item type Purchase Price
        IIA Library-Bangalore IIA Library-Bangalore General Stacks 14/02/1969 116.09   (083)51/ HEA 3547 05/11/2021 116.09 14/02/1969 Books Rs. 116.09

Powered by Koha